ÖBB S-Bahnnetz Tirol - Statistiken

Allgemein
  • Dieses Quiz wurde 93 mal gespielt
  • Das Durchschnittsergebnis liegt bei 31 aus 89
Antwortstatistiken
Antwort % Korrekt
Jenbach
81%
Schwaz
81%
Hall inTirol
79%
Kufstein
79%
Innsbruck Hbf
78%
Innsbruck Westbahnhof
76%
Rum
75%
Seefeld in Tirol
71%
Ötztal
68%
Brenner
66%
Völs
66%
Telfs-Pfaffenhofen
65%
Zirl
65%
Matrei am Brenner
60%
Landeck-Zams
57%
Wörgl Hbf
57%
Scharnitz
56%
Kematen in Tirol
54%
Messe
51%
Steinach in Tirol
51%
Inzing
49%
Hatting
47%
Hochzirl
47%
Imst-Pitztal
46%
Stams
46%
Flaurling
44%
Gries am Brenner
44%
Fritzens-Wattens
43%
Garmisch-Partenkirchen
43%
Reith
43%
Kundl
41%
Lienz
41%
Silz
41%
St. Johann in Tirol
41%
Haiming
40%
Innsbruck Hötting
40%
Mittenwald
40%
Mötz
40%
Oberhofen im Inntal
40%
Hall-Thaur
38%
Kranebitten
38%
Brixlegg
37%
Rietz
35%
Langkampfen
32%
Roppen
32%
Schönwies
32%
Stans
32%
Allerheiligenhöfe
29%
Patsch
29%
Pill-Vomperbach
29%
Terfens-Weer
29%
Westendorf
29%
Imsterberg
28%
Sillian
28%
Volders-Baumkirchen
28%
Hopfgarten
26%
Kirchbichl
26%
Fieberbrunn
25%
Brixen im Thale
24%
Münster-Wiesing
24%
Rattenberg-Kramsach
24%
St. Jodok am Brenner
24%
Schaftenau
22%
Hochfilzen
21%
Kitzbühl
19%
Leithen
19%
Kirchberg in Tirol
18%
Schwarzsee
16%
Saalfelden
15%
Heinfels
13%
Abfaltersbach
12%
Gießenbach
12%
Hopfgarten Berglift
12%
Innichen
12%
Klais
12%
Oberndorf in Tirol
12%
Windau
12%
Wörgl Süd-Bruckhäusl
12%
Kitzbühl Hahnenkamm
10%
Leogang
10%
Thal
9%
Unterberg-Stefansbrücke
9%
Grieswirt
6%
Leogang-Steinberge
6%
Pfaffenschwendt
6%
Tassenbach
6%
Weitlanbrunn
6%
Mittewald an der Drau
4%
Vierschach
4%
Keine übereinstimmenden Quizze gefunden
Verteilung der Resultate
Anzahl Personen mit jedem Resultat
Perzentil nach korrekt beantworteten Fragen
Ihre Resultats-Entwicklung
Sie haben dieses Quiz noch nicht gespielt